Anesthesiologist's Manual of Surgical Procedures (Record no. 5113)

MARC details
000 -LEADER
fixed length control field 00626nam a22002297a 4500
003 - CONTROL NUMBER IDENTIFIER
control field OSt
005 - DATE AND TIME OF LATEST TRANSACTION
control field 20180226151627.0
008 - FIXED-LENGTH DATA ELEMENTS--GENERAL INFORMATION
fixed length control field 160830b xxu||||| |||| 00| 0 eng d
020 ## - INTERNATIONAL STANDARD BOOK NUMBER
International Standard Book Number 9781451176605
020 ## - INTERNATIONAL STANDARD BOOK NUMBER
International Standard Book Number 1451176605
040 ## - CATALOGING SOURCE
Transcribing agency DMLN
082 ## - DEWEY DECIMAL CLASSIFICATION NUMBER
Classification number WO235 A31r 2014
100 ## - MAIN ENTRY--PERSONAL NAME
Personal name Editor Jaffe, Richard A.
9 (RLIN) 10949
245 ## - TITLE STATEMENT
Title Anesthesiologist's Manual of Surgical Procedures
250 ## - EDITION STATEMENT
Edition statement 5th ed.
260 ## - PUBLICATION, DISTRIBUTION, ETC. (IMPRINT)
Place of publication, distribution, etc. Philadelphia; Wolters Kluwer, 2014
300 ## - PHYSICAL DESCRIPTION
Extent xxxii,1588p; col.ill: 28.5cm
504 ## - BIBLIOGRAPHY, ETC. NOTE
Bibliography, etc Appendices,& index included
650 ## - SUBJECT ADDED ENTRY--TOPICAL TERM
Topical term or geographic name as entry element Anesthesia
9 (RLIN) 3094
650 ## - SUBJECT ADDED ENTRY--TOPICAL TERM
Topical term or geographic name as entry element Surgery
9 (RLIN) 323
942 ## - ADDED ENTRY ELEMENTS (KOHA)
Source of classification or shelving scheme Other/Generic Classification Scheme
Koha item type Book Bank
Holdings
Withdrawn status Lost status Source of classification or shelving scheme Damaged status Not for loan Home library Current library Date acquired Inventory number Total Checkouts Full call number Barcode Date last seen Koha item type Source of acquisition Date last checked out Price effective from
    Other/Generic Classification Scheme     MUST Main Library MUST Main Library 30/08/2016 16/39723   WO235 A31r 2014 2016-3943 30/08/2016 Open Shelf      
    Other/Generic Classification Scheme     MUST Main Library MUST Main Library 30/08/2016 16/39722   WO235 A31r 2014 2016-3944 30/08/2016 Book Bank      
    Other/Generic Classification Scheme     MUST Main Library MUST Main Library 30/08/2016 16/39721   WO235 A31r 2014 2016-3945 30/08/2016 Book Bank      
    Other/Generic Classification Scheme     MUST Main Library MUST Main Library 30/08/2016 16/39720 1 WO235 A31r 2014 2016-3946 17/10/2022 Book Bank   08/07/2022  
    Other/Generic Classification Scheme     MUST Main Library MUST Main Library 30/08/2016 16/39719   WO235 A31r 2014 2016-3947 30/08/2016 Book Bank      
    Other/Generic Classification Scheme     MUST Main Library MUST Main Library 26/02/2018 17/40575   WO235 A31r 2014 2018-0093 26/02/2018 Open Shelf Purchase    
    Other/Generic Classification Scheme     MUST Main Library MUST Main Library 21/05/2021 21/41413   WO235 A31r 2014 2021-0593 21/05/2021 Book Purchase   21/05/2021
    Other/Generic Classification Scheme     MUST Main Library MUST Main Library 08/08/2022 22/42009   WO235 A31r 2014 2022-0776 08/08/2022 Book Bank Purchase   08/08/2022